Фавн на берегу Томи

Bibliografiske detaljer
Hovedforfatter: Буркин С. Ю. Станислав Юльевич
Summary:Со времен Гоголя в русской литературе не было писателя столь игривого, образного и языческого! Сказочный мир его родного города Томска оживает словно по мановению волшебной палочки: в судьбы обыкновенных провинциалов минувшего столетия властно входит древняя магия, и никто не может избежать ее. Ирония и лирика, необыкновенный динамичный сюжет, философия и просто свежий светлый взгляд на вещи делает 24-летнего Станислава Буркина уникальным автором гоголевской традиции начала XXI века.
Sprog:russisk
Udgivet: Москва, Эксмо, 2008
Serier:Лауреаты литературных премий
Fag:
Format: MixedMaterials Bog
KOHA link:https://koha.lib.tpu.ru/cgi-bin/koha/opac-detail.pl?biblionumber=154024

MARC

LEADER 00000nam0a2200000 4500
001 154024
005 20231031151634.0
010 |a 9785699293049  |b (в пер.)  |b 4100 экз. 
021 |a RU  |b 08-83125  |9 08-4844 
035 |a (RuTPU)RU\TPU\book\167075 
090 |a 154024 
100 |a 20081119d2008 m u0rusy5002 ca 
101 0 |a rus 
102 |a RU 
105 |a a z 000ay 
200 1 |a Фавн на берегу Томи  |f С. Ю. Буркин 
210 |a Москва  |c Эксмо  |d 2008 
215 |a 379, [2] с. 
225 1 |a Лауреаты литературных премий 
330 |a Со времен Гоголя в русской литературе не было писателя столь игривого, образного и языческого! Сказочный мир его родного города Томска оживает словно по мановению волшебной палочки: в судьбы обыкновенных провинциалов минувшего столетия властно входит древняя магия, и никто не может избежать ее. Ирония и лирика, необыкновенный динамичный сюжет, философия и просто свежий светлый взгляд на вещи делает 24-летнего Станислава Буркина уникальным автором гоголевской традиции начала XXI века. 
610 1 |a русская литература 
610 1 |a романы 
610 1 |a фантастика 
675 |a Р2  |v 3  |z rus 
700 1 |a Буркин  |b С. Ю.  |g Станислав Юльевич  |4 070 
801 1 |a RU  |b 63413507  |c 20090219  |g PSBO 
801 2 |a RU  |b 63413507  |c 20090616  |g PSBO 
942 |c BK 
959 |a 30/20090218  |d 1  |e 333,85  |f ХФ:1